000 00549cam a2200229 i 4500
005 20260322212054.0
008 data
010 _a 79027781
020 _a0025117602
020 _a9780025117600
040 _aDLC
_cDLC
_dDLC
050 0 0 _aBF575.F66
_bB57
082 0 0 _a155.9/25
092 _a155.9 B57 1980
100 1 _aBlock, Joel D.
245 1 0 _aFriendship /
_cJoel D. Block.
260 _aNew York :
_bMacmillan,
_cc1980.
300 _axi, 226 p. ;
_c22 cm.
504 _aBibliography: p. 225-226.
650 0 _aFriendship.
001 data
999 _c1276
_d1276